Heating technology : principles, equipment, and application /

Gespeichert in:
Bibliographische Detailangaben
1. Verfasser: Swenson, S. Don, 1928-
Format: Buch
Sprache:English
Veröffentlicht: North Scituate, Mass. : Breton Publishers, 1983.
Schlagworte:
Tags: Tag hinzufügen
Keine Tags, Fügen Sie den ersten Tag hinzu!
Thư viện lưu trữ: Mạng thư viện Đại học Đà Nẵng
LEADER 01079cam a2200337 i 4500
001 000046424
003 5891
005 20180115144549.0
008 010220b1983 vm 000 eng
020 |a 053401481X 
040 |a LRCC  |c LRCC  |d LRCC 
041 0 |a eng 
082 1 4 |a 697  |b SW-S 
100 1 |a Swenson, S. Don,  |d 1928- 
245 0 0 |a Heating technology :  |b principles, equipment, and application /  |c S. Don Swenson, 1928- 
260 |a North Scituate, Mass. :  |b Breton Publishers,  |c 1983. 
300 |a xv, 367p. :  |b ill., plans. 
630 0 4 |a Heating. 
650 0 4 |a Heating. 
OWN |a DUT 
AVA |a UDN50  |b DUT  |c Book  |d 697 SW-S  |e available  |t Error 5001 Not defined in file expand_doc_bib_avail.  |f 1  |g 0  |h N  |i 0  |j SH  |k 1 
999 |a From the UDN01 
AVA |a UDN50  |b DUT  |c Book  |d 697 SW-S  |e available  |t Error 5001 Not defined in file expand_doc_bib_avail.  |f 1  |g 0  |h N  |i 0  |j SH  |k 1 
TYP |a Monograph 
TYP |a Printed language 
980 |a Mạng thư viện Đại học Đà Nẵng